000 00646nam a22001937a 4500
005 20231226114029.0
010 _aENG-138766
020 _a9789380887562
_c1250.00
035 _aEN-122298
037 _bDBAD/PUB
082 _a294.5092
100 _aYogendra
_960209
245 _aReminiscences of Swami Vivekananda Vol.1/
_cBY Yogendra
260 _c2022
_bJuggernaut Publications
270 _aF-3/16,Ansari Road, Darya Ganj,
_bNEW DELHI
_e110002
_k9310122101
_mjuggernautpub@gmail.com
300 _c23cm(hbk)
_a248p.
500 _aIncludes bibliographical references and index
942 _cEN
_2ddc
_mYOG
_h294.5092
_eFIRST
999 _c199801
_d199801